000 00758nam a22002537a 4500
005 20260226124443.0
008 260226b |||||||| |||| 00| 0 eng d
020 _a978-93-6388-883-8
037 _cTB
040 _aCRL
_cCRL
041 _2eng
_aeng
084 _aQ8441xK66 R5
_qCRL
100 _aGandhi, Varinder Kaur
_91116744
245 _aGuru Gobind Singh:
_ba saint soldier
260 _aPunjab, India:
_bRigi Publication,
_c2025.
300 _a204p.
365 _b499
_cINR
650 _aSikhism
_91116745
650 _aGuru Gobind Singh
_91116746
650 _aReligions
_91116747
700 _aJohar, K.L.
_eAuthor
_91116748
942 _2CC
_cTB
_hQ8441xK66 R5
_n0
999 _c1680269
_d1680269